| 000 | 00745nam a2200253 i 4500 | ||
|---|---|---|---|
| 001 | C2-0290324 | ||
| 003 | PPAK | ||
| 005 | 20180728022846.0 | ||
| 008 | 081005s2007 nyu |||| ||||| | eng d | ||
| 020 | _a9781594201479 | ||
| 040 |
_aPPAK _beng _cPPAK _erda |
||
| 082 | 0 | 4 |
_a332.11092 _223 |
| 090 | 0 | 0 |
_a332.11092 _bGRE _dLCK |
| 100 | 1 |
_aGreenspan, Alan, _eauthor |
|
| 245 | 1 | 4 |
_aThe age of turbulence : _badventures in a new world |
| 264 | 1 |
_aNew York : _bThe Penguin Press , _c2007 |
|
| 300 |
_axii, 531 pages ; _c24 cm |
||
| 336 |
_2rdacontent _atext |
||
| 337 |
_2rdamedia _aunmediated |
||
| 338 |
_2rdacarrier _avolume |
||
| 500 | _aIncludes bibliographical references and index | ||
| 650 | 1 | 0 | _aGreenspan, Alan, 1926- |
| 942 |
_ddc _cB |
||
| 999 |
_c95583 _d95583 |
||